Auditing theory : (Record no. 5733)

MARC details
000 -LEADER
fixed length control field 00538nam a22001697a 4500
003 - CONTROL NUMBER IDENTIFIER
control field OSt
005 - DATE AND TIME OF LATEST TRANSACTION
control field 20251129091234.0
008 - FIXED-LENGTH DATA ELEMENTS--GENERAL INFORMATION
fixed length control field 251117b |||||||| |||| 00| 0 eng d
040 ## - CATALOGING SOURCE
Original cataloging agency DWCL-Main lib
Transcribing agency OC
082 ## - DEWEY DECIMAL CLASSIFICATION NUMBER
Edition number 2005 issue, 2nd ed.
Classification number Fil. 657.45 B189a 2005
100 ## - MAIN ENTRY--PERSONAL NAME
Personal name Susan Ballada
245 ## - TITLE STATEMENT
Title Auditing theory :
Remainder of title audit and assurance services/
Statement of responsibility, etc. Susan Ballada
260 ## - PUBLICATION, DISTRIBUTION, ETC.
Place of publication, distribution, etc. Manila :
Name of publisher, distributor, etc. DomDane Publishers,
Date of publication, distribution, etc. c2005.
300 ## - PHYSICAL DESCRIPTION
Extent xix, 359 p. ;
Dimensions 25 cm.
700 ## - ADDED ENTRY--PERSONAL NAME
Personal name Win Lu Ballada
942 ## - ADDED ENTRY ELEMENTS (KOHA)
Source of classification or shelving scheme Dewey Decimal Classification
Koha item type Book-Filipiniana
Edition 2005 issue, 2nd ed.
Call number prefix Fil.
Suppress in OPAC No
952 ## - LOCATION AND ITEM INFORMATION (KOHA)
--
Holdings
Withdrawn status Lost status Source of classification or shelving scheme Damaged status Not for loan Home library Current library Shelving location Date acquired Source of acquisition Cost, normal purchase price Total Checkouts Full call number Barcode Date last seen Copy number Price effective from Koha item type Uniform Resource Identifier
    Dewey Decimal Classification     College Library College Library Filipiniana 06/05/2007 Donation 0.00   Fil.657.45 B189a 2003 CL44681 11/22/2025 c1 11/22/2025 BK - FIL